书目信息 |
| 题名: |
走进一座大教堂
|
|
| 作者: | 范毅舜 著 | |
| 分册: | ||
| 出版信息: | 北京 三联书店 2006 |
|
| 页数: | 203页 | |
| 开本: | 23cm | |
| 丛书名: | ||
| 单 册: | ||
| 中图分类: | TU252 | |
| 科图分类: | ||
| 主题词: | 教堂 , 宗教建筑 , 教堂--宗教建筑--建筑艺术--欧洲 , 建筑艺术 | |
| 电子资源: | ||
| ISBN: | 7-108-02577-9 | |
| 000 | 00914nam0 2200265 450 | |
| 001 | 003375015 | |
| 005 | 20070807085903.07 | |
| 010 | @a7-108-02577-9@dCNY39.80 | |
| 100 | @a20060210d2006 em y0chiy0110 ea | |
| 101 | 0 | @achi |
| 102 | @aCN@b110000 | |
| 105 | @aa z 000yy | |
| 200 | 1 | @a走进一座大教堂@9zou jin yi zuo da jiao tang@f范毅舜(Nicholas Fan)著 |
| 210 | @a北京@c三联书店@d2006 | |
| 215 | @a203页@c彩图@d23cm | |
| 305 | @a城邦文化事业股份有限公司积木文化出版事业部授权出版 | |
| 330 | @a本书图文并茂地介绍欧洲独具特色的哥特式大教堂。为读者展示了高耸巍峨的门面、庞大的体积、繁复的雕刻装饰,具有灿烂光芒的彩色玻璃花窗,展现出中古世纪的欧洲文明精华。 | |
| 606 | 0 | @a教堂 |
| 606 | 0 | @a宗教建筑 |
| 606 | 0 | @a教堂@x宗教建筑@x建筑艺术@y欧洲 |
| 606 | 0 | @a建筑艺术 |
| 690 | @aTU252@v4 | |
| 701 | 0 | @a范毅舜@9fan yi shun@c(Nicholas Fan)@4著 |
| 801 | 0 | @aCN@bNLC@c20070807 |
| 905 | @a10447@dTU252@e432 | |
| 走进一座大教堂/范毅舜(Nicholas Fan)著.-北京:三联书店,2006 |
| 203页:彩图;23cm |
| ISBN 7-108-02577-9:CNY39.80 |
| 本书图文并茂地介绍欧洲独具特色的哥特式大教堂。为读者展示了高耸巍峨的门面、庞大的体积、繁复的雕刻装饰,具有灿烂光芒的彩色玻璃花窗,展现出中古世纪的欧洲文明精华。 |
| ● |
| 相关链接 |
|
|
|
|
正题名:走进一座大教堂
索取号:TU252/432
 
预约/预借
| 序号 | 登录号 | 条形码 | 馆藏地/架位号 | 状态 | 备注 |
| 1 | 0802595 | 208025956 | 第二样本阅览室/ [索取号:TU252/432] | 在馆 | |
| 2 | 0802596 | 208025965 | 第三借阅区/ [索取号:TU252/432] | 在馆 | |
| 3 | 0802597 | 208025974 | 第三借阅区/ [索取号:TU252/432] | 在馆 | |
| 4 | 0802598 | 208025983 | 第三借阅区/ [索取号:TU252/432] | 在馆 | |
| 5 | 0802599 | 208025992 | 第三借阅区/ [索取号:TU252/432] | 在馆 | |
| 6 | 0802600 | 208026009 | 第三借阅区/ [索取号:TU252/432] | 在馆 | |
| 7 | 0802601 | 208026018 | 第三借阅区/ [索取号:TU252/432] | 在馆 | |
| 8 | 0802602 | 208026027 | 第三借阅区/ [索取号:TU252/432] | 在馆 | |
| 9 | 0802603 | 208026036 | 第三借阅区/ [索取号:TU252/432] | 在馆 | |
| 10 | 0802604 | 208026045 | 第三借阅区/ [索取号:TU252/432] | 在馆 |